Current issues and development in hospitality and tourism satisfaction (Record no. 17792)
[ view plain ]
| 000 -LEADER | |
|---|---|
| fixed length control field | 00541nam a22001697a 4500 |
| 008 - FIXED-LENGTH DATA ELEMENTS--GENERAL INFORMATION | |
| fixed length control field | 190701b xxu||||| |||| 00| 0 eng d |
| 020 ## - INTERNATIONAL STANDARD BOOK NUMBER | |
| International Standard Book Number | 0789024330 |
| 040 ## - CATALOGING SOURCE | |
| Original cataloging agency | KABU |
| Transcribing agency | KABU |
| 050 ## - LIBRARY OF CONGRESS CALL NUMBER | |
| Classification number | TX911 |
| Item number | .C87 2003 C.1 |
| 245 ## - TITLE STATEMENT | |
| Title | Current issues and development in hospitality and tourism satisfaction |
| Statement of responsibility, etc. | John A. Williams, Muzaffer Uysal (Editors) |
| 260 ## - PUBLICATION, DISTRIBUTION, ETC. (IMPRINT) | |
| Place of publication, distribution, etc. | New York |
| Name of publisher, distributor, etc. | Routledge |
| Date of publication, distribution, etc. | 2003 |
| 300 ## - PHYSICAL DESCRIPTION | |
| Extent | 205 p. |
| 650 ## - SUBJECT ADDED ENTRY--TOPICAL TERM | |
| Topical term or geographic name as entry element | Hospitality industry. |
| 700 ## - ADDED ENTRY--PERSONAL NAME | |
| Personal name | Williams, John A. |
| 700 ## - ADDED ENTRY--PERSONAL NAME | |
| Personal name | Uysal, Muzaffer. |
| 942 ## - ADDED ENTRY ELEMENTS (KOHA) | |
| Source of classification or shelving scheme | Library of Congress Classification |
| Koha item type | General Collection |
| Classification part | TX911 |
| Withdrawn status | Lost status | Source of classification or shelving scheme | Not for loan | Home library | Current library | Date acquired | Cost, normal purchase price | Total Checkouts | Full call number | Barcode | Date last seen | Copy number | Price effective from | Koha item type |
|---|---|---|---|---|---|---|---|---|---|---|---|---|---|---|
| Library of Congress Classification | Kabarak, Main Campus | Kabarak, Main Campus | 01/07/2019 | 4319.04 | TX911 .C87 2003 C.1 | 023355 | 01/07/2019 | C.1 | 01/07/2019 | General Collection | ||||
| Library of Congress Classification | Kabarak, Main Campus | Kabarak, Main Campus | 01/07/2019 | 4319.04 | TX911 .C87 2003 C.2 | 023356 | 01/07/2019 | C.2 | 01/07/2019 | General Collection | ||||
| Library of Congress Classification | Kabarak, Main Campus | Kabarak, Main Campus | 01/07/2019 | 4319.04 | TX911 .C87 2003 C.3 | 023357 | 01/07/2019 | C.3 | 01/07/2019 | General Collection |